Statistiques concernant Capitales des états des USA

Cliquez ici pour prendre le quiz!

Statistiques générales

  • Ce quiz a été pris 1 779 fois
  • Le résultat moyen est 26 sur 50

Statistiques - réponses

ETATCAPITALE% Correct
CalifornieSacramento
78%
MassachusettsBoston
75%
ColoradoDenver
74%
HawaiiHonolulu
73%
ArizonaPhoenix
71%
GéorgieAtlanta
70%
LouisianeBâton Rouge
69%
IndianaIndianapolis
69%
TexasAustin
68%
AlaskaJuneau
64%
OklahomaOklahoma City
64%
UtahSalt Lake City
63%
FlorideTallahassee
60%
New YorkAlbany
58%
VermontMontpelier
55%
TennesseeNashville
55%
Nouveau MexiqueSanta Fe
55%
IllinoisSpringfield
55%
MississippiJackson
54%
Dakota du SudPierre
53%
IdahoBoise
52%
IowaDes Moines
52%
OregonSalem
52%
AlabamaMontgomery
51%
Caroline du NordRaleigh
50%
MontanaHelena
48%
ArkansasLittle Rock
48%
Dakota du NordBismarck
47%
MinnesotaSaint Paul
47%
WyomingCheyenne
46%
NevadaCarson City
45%
OhioColumbus
45%
DelawareDover
45%
WashingtonOlympia
45%
Caroline du SudColumbia
44%
MaineAugusta
43%
Rhode IslandProvidence
43%
KansasTopeka
43%
NebraskaLincoln
42%
MarylandAnnapolis
41%
KentuckyFrankfort
41%
ConnecticutHartford
41%
Virginie OccidentaleCharleston
40%
VirginieRichmond
40%
MissouriJefferson City
39%
MichiganLansing
39%
PennsylvanieHarrisburg
38%
WisconsinMadison
38%
New JerseyTrenton
36%
New HampshireConcord
35%

Distribution des résultats

Percentile par nombre de réponses

% des personnes avec chaque résultat

Votre développement - résultats

Vous n’avez pas pris ce quiz